Central Library OPAC University of Rajshahi

The golden book of modern english poetry / (Record no. 19035)

MARC details
000 -LEADER
fixed length control field 00838nam a22002417a 4500
001 - CONTROL NUMBER
control field 19035
003 - CONTROL NUMBER IDENTIFIER
rucl marc code BD-RjUL
005 - DATE AND TIME OF LATEST TRANSACTION
control field 20211209000356.0
008 - FIXED-LENGTH DATA ELEMENTS--GENERAL INFORMATION
fixed length control field 140223r19481935enk 001 0 eng d
035 ## - SYSTEM CONTROL NUMBER
System control number (BD-RjUL)19093
040 ## - CATALOGING SOURCE
Original cataloging agency BD-RjUL
Language of cataloging eng
Transcribing agency BD-RjUL
041 ## - LANGUAGE CODE
Language code of text/sound track or separate title eng
082 ## - DEWEY DECIMAL CLASSIFICATION NUMBER
Classification number 821.08
Author mark and year CAG 1948
100 1# - MAIN ENTRY--PERSONAL NAME
Personal name Caldwell, Thomas.
9 (RLIN) 58651
245 ## - TITLE STATEMENT
Title The golden book of modern english poetry /
Statement of responsibility, etc. Thomas Calswell
260 ## - PUBLICATION, DISTRIBUTION, ETC. (IMPRINT)
Place of publication, distribution, etc. London ;
-- Nwe York :
Name of publisher, distributor, etc. J. M. Dent & Sons,
Date of publication, distribution, etc. [Reprinted 1948].
300 ## - PHYSICAL DESCRIPTION
Pagination xxiii, 42p. ;
Size 18 cm.
490 1# - SERIES STATEMENT
Series statement Everyman's library. Poetry & the drama.
Volume/sequential designation no. 921
500 ## - GENERAL NOTE
General note "First published in this edition 1935." "Selected by Thomas Caldwell with additional selections by Philip Henderson."
504 ## - BIBLIOGRAPHY, ETC. NOTE
Bibliography, etc Includes index.
650 #0 - SUBJECT ADDED ENTRY--TOPICAL TERM
Topical term or geographic name as entry element English poetry
Form subdivision 19th century.
9 (RLIN) 58591
942 ## - ADDED ENTRY ELEMENTS (KOHA)
Source of classification or shelving scheme Dewey Decimal Classification
Koha item type Books
Holdings
Lost status Source of classification or shelving scheme Damaged status Not for loan Collection code Permanent Location Current Location Shelving location Date acquired Source of acquisition Cost, normal purchase price Total Checkouts Full call number Date last seen Copy number Koha item type
  Dewey Decimal Classification     Fiction Central Library, University of Rajshahi Central Library, University of Rajshahi Reading Room 14/09/1955 B. H. Bluckwell 65.00   821.08 CAG 1948 23/02/2014 C-1 Books